Ostatnie miejsce w wyborach prezydenckich - Statystyki

Ogólne statystyki
  • Ten quiz został rozwiązany 13 razy
  • Średni wynik to 3 z 7
Statystyki odpowiedzi
Rok Wynik Kandydat % Poprawnych
2015 0,20% Paweł Tanajno
85%
2020 0,11% Mirosław Piotrowski
62%
1995 0,04% Leszek Bubel
31%
1990 2,50% Leszek Moczulski
31%
2010 0,13% Kornel Morawiecki
23%
2000 0,10% Bogdan Pawłowski
15%
2005 0,06% Adam Słomka
8%
Nie znaleziono quizów pasujących do podanych kryteriów
Rozkład punktacji
Procent ludzi z każdym wynikiem
Percentyl według liczby udzielonych odpowiedzi
Twoja historia wyników
Nie rozwiązałeś tego quizu